01156nam a2200205Ia 450000500170000000800410001702000180005805000210007610000320009724501250012926000450025430000300029933600100032933700140033933800120035350400420036550504840040765000350089165000240092620231102151125.0120626s2009 mx a 000 0 spa d a978607442190314aHD58.7bR65 20091 aRomero Roaro, Sergioeautor10aLa cultura organizacional como valor empresarial:b¿Un activo de capital? o ¿un pasivo oculto? c / Segio Romero Roaro aMéxico b : Pearson Educacionc , 2009 ax, 126 páginasbcuadros atexto asin medio avolumen aIncluye: Bibliografía (pp. 125-126)2 a¿Qué es la cultura organizacional? Plan y programa de creación, mantenimiento y enriquecimiento de la cultura organizacional empresarial Como valorizar y registrar la cultura organizacional y su ausencia o ineficiencia La cultura organizacional en la empresa familiar. Su ausencia y la malversación de los recrusos humanos: un pasivo empresarial El valor del liderazgo en la cultura organizacional La cultura organizacional empresarial como valor de competitividad global 14aCOMPORTAMIENTO ORGANIZACIONAL 24aCULTURA CORPORATIVA